| 000 | 00675nam a2200217Ia 4500 | ||
|---|---|---|---|
| 005 | 20221019114142.0 | ||
| 008 | 131103s9999 xx 000 0 und d | ||
| 020 |
_a74639390 _cRs 165 |
||
| 040 | _aLoreto College | ||
| 041 | _aEnglish | ||
| 082 |
_a153.94 _bTHO |
||
| 100 | _aThorpe, Edgar | ||
| 245 |
_aCourse in mental ability and quantitative aptitude _b for competitive examinations _cEdgar Thorpe. Revised by Showick Thorpe, Vandana Thorpe |
||
| 250 | _a2nd ed | ||
| 260 |
_aNew Delhi _bTata McGraw-Hill Publishing Company Limited _c2000 |
||
| 300 |
_a435 p _b diagrams |
||
| 650 | _aAptitude Tests | ||
| 700 | _aThorpe, Showick | ||
| 850 | _aLCLIB | ||
| 942 | _cBK | ||
| 999 |
_c8036 _d58515 |
||